| 000 | 00436nam a2200181Ia 4500 | ||
|---|---|---|---|
| 001 | 3209 | ||
| 005 | 20260306144904.0 | ||
| 008 | 260306t2006||||xx |||||||||||||| ||spa|| | ||
| 041 | _aESP | ||
| 082 |
_a262.15 _bG26 |
||
| 100 |
_aGarzón Vallejo, Iván Darío _eAUT |
||
| 245 | 0 | _aBosquejo del laicismo político | |
| 260 | _c2006 | ||
| 300 |
_a101 páginas : _c23 cm. |
||
| 650 | _aGEN | ||
| 654 | _aCHU | ||
| 942 |
_cLIB _dJUS _fJUS _2ddc _n |
||
| 999 |
_c3209 _d3209 |
||